000 00633nam a2200181 a 4500
008 111026s1989 ||||||||||||||||| || u
020 _a0801654254
050 _aRK 351 Wei
100 _aWeine, Franklin S
245 1 0 _aEndodontic therapy.-- 4th ed.
250 _a4th ed.
260 _aSt. Louis, Missouri
_bMosby
_c1989
300 _aix, 752p. : ill.
350 _a0.00
650 0 _aENDODONTICS
650 0 _aDENTISTRY--ATLASES
995 _aMICHAEL CHILUFYA SATA OPEN ACCESS
_D0.00
_e901138
_FCBU-SCHOOL OF MEDICINE LIBRARY (Ndola)
_H1
_I0.00
_jRK 351 Wei
_M1
_UAVAILABLE
_WOct 26, 2011
_y901138
_ZMedical Library Open Access Collection
999 _c31344
_d31344